|
|
|
|
| LEADER |
00000nab a2200000 a 4500 |
| 001 |
vtls000874965 |
| 003 |
SK-MaSNL |
| 005 |
20260305003726.0 |
| 008 |
140422c2004 xo 0 slo |
| 015 |
|
|
|a SNBRB2004/06-17141
|
| 035 |
|
|
|a CLN000226517
|
| 040 |
|
|
|a SNKBUCL
|b slo
|c SNKBUCL
|e AACR2
|
| 041 |
0 |
|
|a slo
|
| 044 |
|
|
|a xo
|c SK
|
| 080 |
|
|
|a 792.2
|x (048)
|2 1981
|
| 100 |
1 |
|
|a Čavojský, Ladislav,
|d 1932-2014
|4 aut
|9 101804
|
| 245 |
1 |
0 |
|a Slon v porceláne
|c Ladislav Čavojský
|
| 300 |
|
|
|b Fotogr.
|
| 600 |
0 |
7 |
|a Molière,
|d 1622-1673
|t Mizantrop
|2 snkbucl
|9 119514
|
| 610 |
2 |
7 |
|a Slovenské národné divadlo.
|b Činohra
|2 snkbucl
|9 32459
|
| 655 |
|
7 |
|a recenzie
|2 snkbucl
|9 21907
|
| 773 |
0 |
|
|t Literárny (dvoj)týždenník
|g Roč. XVII, č. 18-19 (2004), s. 13
|x 0862-5999
|
| 850 |
|
|
|a Slovenská národná knižnica v Martine
|
| 852 |
|
|
|a SNK
|b KIS3GCP
|
| 958 |
|
|
|a RC
|
| 999 |
|
|
|c 3231929
|d 3233859
|